| 000 | 00558nam a2200205Ia 4500 | ||
|---|---|---|---|
| 005 | 20250923145502.0 | ||
| 008 | 008 250917s9999 xx 000 0 eng d | ||
| 037 | _aTextual | ||
| 040 |
_aDSWL _beng _cDSWL |
||
| 041 |
_aeng _2eng |
||
| 084 |
_aV2:48, N75 _qDSWL |
||
| 100 |
_aWadhwa, K.K. _9835810 |
||
| 245 | 0 |
_aMinority safeguards in India _c by K.K.Wadhwa |
|
| 260 |
_aDelhi _bThomas Press _c1975 |
||
| 300 | _axiv,273p. | ||
| 365 |
_aINR _b52.2 |
||
| 925 | _g52.2 | ||
| 942 |
_cTEXL _hV2:48, N75 |
||
| 999 |
_c1451915 _d1451915 |
||